000 00315nam a22001457a 4500
008 230524b ||||| |||| 00| 0 eng d
020 _a9782070551613
041 _aFRA
080 _a82
082 _a82JUE
100 _a38
101 _aGJL
245 _aQUATRE FILLES ET UN JEAN
_cJEUNESSE.G
942 _2udc
_cBK
999 _c59811
_d59811